000 00786nam a22002411u 4500
001 07090
003 HDC
007 cr bn ---
008 210126p9999 o d 00 engg
040 _aHDC
245 0 _aPOLISI KERAJAAN - MAKANAN HALAL IMP2 & IMP3
260 _a[No Place] :
_b[publisher not identified],
_c[no year]
300 _a9 pages :
_billustrations
336 _atext
_2rdacontent
337 _acomputer
_2rdamedia
338 _aonline resource
_2rdacarrier
650 _ahalal food
_950
650 _aHalal industry
_9144
856 _zRequest full-text at [email protected]
942 _2lcc
942 _cSLIDE
942 _kSLID 000251
999 _c4414
_d4414